Представление документа в формате RUSMARC

ПолеНазваниеЗначение
  Тип записи a
  Библиографический уровень a
001 Контрольный номер RU/CBS_UL/BASE/558447678
005 Дата корректировки 20240209175216.0
100 Данные общей обработки __
a Данные общей обработки 20170911d2017 ||| 0rusy0189 ca
101 Язык документа 0_
a Язык текста rus
102 Страна публикации __
a Страна публикации RU
105 Кодированные данные (монография) __
a Кодированные данные (монография) y###||||000|y
200 Заглавие и сведения об ответственности 1_
a Заглавие Для дочки - папуля, для сына - отец
b Общее обозначение материала Текст
e Сведения, относящиеся к заглавию [сыновей и дочерей папы воспитывают по-разному]
f Первые сведения об ответственности Н. Кулибова
300 Общие примечания __
a Общие примечания Ограничения по возрасту - 16+
461 Уровень набора _0
1 2000
a Кудесница
463 Уровень физической единицы _0
1 001RU/CBS_UL/BASE/558192484
1 2000
a № 7
v С. 24-25
1 210
d 2017
606 Тематические рубрики 0_
a Основная рубрика Семейное воспитание
610 Ключевые слова 0_
a Ключевые слова папы
a Ключевые слова роль отца в воспитании
a Ключевые слова отцы
686 Индексы других классификаций __
a Классификационный индекс 74.9
2 Код системы ББК
700 Автор _1
a Фамилия Кулибова
b Имя (инициалы) Н.
801 Источник записи _0
a Страна RU
b Организация МБУК ЦБС г. Ульяновска
c Дата составления 20170911
g Правила каталогизации RCR
801 Источник записи _1
a Страна RU
b Организация МБУК ЦБС г. Ульяновска
c Дата составления 20170911
g Правила каталогизации RCR
901 Тип документа __
t Тип документа b
w Контрольный № источника RU/CBS_UL/BASE/558192484
910 Корректоры записи __
a Корректор записи Ильина
938 Служебная информация __
a Имя БД period